000 00315nam a22001337a 4500
008 170714b xxu||||| |||| 00| 0 eng d
020 _a9780756518738
041 _aeng
080 _a101
100 _a24
101 _aFJA
245 _aARISTOTLE PHILOSOPHER, TEACHER AND SCIENTIST
_cCOOPER,SH,K
942 _2udc
_cBK
999 _c20717
_d20717